Logo BPK

Biblioteka

Politechniki Koszalińskiej

Years of discord : (Rekord nr 47675)

Szczegóły MARC
000 -ETYKIETA REKORDU
podpole kontrolne o stałej długości 00626nam a2200193 i 4500
001 - NUMER KONTROLNY REKORDU
pole kontrolne bgj
020 ## - MIĘDZYNARODOWY ZNORMALIZOWANY NUMER KSIĄŻKI - ISBN
ISBN 0393029697
040 ## - ŹRÓDŁO KATALOGOWANIA
Instytucja, która utworzyła rekord BPK
041 0# - KOD JĘZYKA
Kod języka tekstu eng
920 ## - Międzynarodowy znormalizowany numer książki – ISBN
ISBN 0-393-02969-7
008 - POLE O STAŁEJ DŁUGOŚCI - DANE KONTROLNE
podpole kontrolne o stałej długości s uk f |000 0 eng
100 1# - NAZWA OSOBOWA
Nazwa osobowa BLUM, John Morton
Daty związane z nazwą (1921- )
245 10 - TYTUŁ/ODPOWIEDZIALNOŚĆ
Tytuł Years of discord :
Ciąg dalszy tytułu American politics and society, 1961-1974 /
Pozostałe elementy strefy tytułu i oznaczenia odpowiedzialności John Morton Blum.
260 ## - STREFA ADRESU WYDAWNICZEGO
Miejsce wydania New York :
Nazwa wydawcy/dystrybutora W. W. Norton and Company,
Data publikacji, dystrybucji/powstania dokumentu c. 1991
Miejsce wydania London.
300 ## - STREFA OPISU FIZYCZNEGO
Objętość 530 pp :
Inne cechy fizyczne photos ;
Rozmiary 25 cm.
504 ## - UWAGA DOTYCZĄCA BIBLIOGRAFII
Informacje o bibliografii Includes bibliographical references and index.
651 #9 - HASŁO PRZEDMIOTOWE W FORMIE NAZWY GEOGRAFICZNEJ
Nazwa geograficzna United States
Określnik ogólny Politics and government
Określnik chronologiczny 1961-1974
856 ## - LOKALIZACJA I DOSTĘP DO ELEKTRONICZNYCH DOKUMENTÓW ZDALNYCH
Link (URL) http://koha.tu.koszalin.pl/cgi-bin/koha/opac-detail.pl?biblionumber=47675
Tekst linku Katalog online BPK
942 ## - DODATKOWE ELEMENTY (KOHA)
Typ dokumentu Książka
Egzemplarze
Wycofany Status egzemplarza Uszkodzony Dostępność Lokalizacja stała Lokalizacja bieżąca Miejsce przechowywania Sygnatura Kod kreskowy Typ dokumentu
      Dostępny Biblioteka Politechniki Koszalińskiej Biblioteka Politechniki Koszalińskiej Wypożyczalnia Językowa KA 4187 09013148 Książka
      Dostępny Biblioteka Politechniki Koszalińskiej Biblioteka Politechniki Koszalińskiej Wypożyczalnia Językowa KA 4188 09013131 Książka
      Dostępny Biblioteka Politechniki Koszalińskiej Biblioteka Politechniki Koszalińskiej Wypożyczalnia Językowa KA 4189 09084360 Książka
      Dostępny Biblioteka Politechniki Koszalińskiej Biblioteka Politechniki Koszalińskiej Wypożyczalnia Językowa KA 4190 09084353 Książka
© 2023 Biblioteka Politechniki Koszalińskiej :: KOHA